Working on the Railroad, Walking in Beauty (Record no. 353204)
[ view plain ]
| 000 -LEADER | |
|---|---|
| fixed length control field | 00682nam a2200133Ia 4500 |
| 008 - FIXED-LENGTH DATA ELEMENTS--GENERAL INFORMATION | |
| fixed length control field | 171212s9999 xx 000 0 und d |
| 020 ## - INTERNATIONAL STANDARD BOOK NUMBER | |
| International Standard Book Number | 9780874218534 |
| 100 ## - MAIN ENTRY--PERSONAL NAME | |
| Personal name | Youngdahl, Jay |
| 245 ## - TITLE STATEMENT | |
| Statement of responsibility, etc | Youngdahl, Jay |
| Title | Working on the Railroad, Walking in Beauty |
| Remainder of title | Navajos, Hozho, and Track Work |
| 260 ## - PUBLICATION, DISTRIBUTION, ETC. (IMPRINT) | |
| Name of publisher, distributor, etc | University Press of Colorado |
| Date of publication, distribution, etc | 2011 |
| 650 ## - SUBJECT ADDED ENTRY--TOPICAL TERM | |
| Topical term or geographic name as entry element | History |
| 650 ## - SUBJECT ADDED ENTRY--TOPICAL TERM | |
| Topical term or geographic name as entry element | Navajo Indians -- Employment; Navajo Indians -- Social conditions; Navajo Indians -- Religion; Railroad construction workers -- Southwest, New -- History; Railroads -- Southwest, New -- Employees -- History; Southwest, New -- Race relations; Southwest, Ne |
| 856 ## - ELECTRONIC LOCATION AND ACCESS | |
| Uniform Resource Identifier | <a href="www.jstor.org/stable/10.2307/j.ctt4cgs4h">www.jstor.org/stable/10.2307/j.ctt4cgs4h</a> |
| Withdrawn status | Lost status | Damaged status | Home library | Current library | Date acquired | Total Checkouts | Full call number | Date last seen | Price effective from | Koha item type |
|---|---|---|---|---|---|---|---|---|---|---|
| College Library | College Library | 12/12/2017 | E99.N3Y74 2011 | 12/12/2017 | 12/12/2017 | Curriculum - Based eBooks |